[Event "CAN-op"]
[Site "Winnipeg CAN"]
[Date "1997.07.19"]
[Round "9"]
[White "Brasket, Curt"]
[Black "Panken, Richard"]
[Result "1-0"]
[WhiteElo "2230"]
[BlackElo "2140"]
[PlyCount "97"]
[GameId "2160767911932747"]
[EventDate "1997.07.12"]
[EventType "swiss"]
[EventRounds "10"]
[EventCountry "CAN"]
[SourceTitle "CBM 060 Extra"]
[Source "ChessBase"]
[SourceDate "1997.11.04"]
[SourceVersion "1"]
[SourceVersionDate "1997.11.04"]
[SourceQuality "1"]

1. c4 e5 2. Nc3 Nc6 3. e3 Nf6 4. Nf3 Bb4 5. Qc2 Bxc3 6. Qxc3 d6 7. b3 O-O 8. Bb2 Bf5 9. d3 h6 10. Be2 Re8 11. O-O a5 12. a3 Qd7 13. Rac1 Nd8 14. Rfd1 Ne6 15. d4 e4 16. Nd2 Qe7 17. d5 Nc5 18. Nf1 b6 19. f4 Qf8 20. Ng3 Bh7 21. Qc2 Re7 22. Bxf6 gxf6 23. Bg4 Qg7 24. Nh5 Qg6 25. Qc3 f5 26. Nf6+ Kf8 27. Nxh7+ Qxh7 28. Bxf5 Qg7 29. Qc2 Rae8 30. b4 Nd3 31. Rb1 Qf6 32. g4 axb4 33. axb4 Qh4 34. Qg2 Kg7 35. Rf1 Kh8 36. Qc2 f6 37. Kg2 Rg7 38. h3 Rge7 39. Qc3 Ra8 40. Ra1 Ree8 41. g5 Ne5 42. fxe5 Rxa1 43. Qxa1 Qxg5+ 44. Kh1 Rxe5 45. Qa8+ Kg7 46. Rg1 Qxg1+ 47. Kxg1 Rxf5 48. Qc8 Kg6 49. Qg8+ 1-0

[Event "CAN-op"]
[Site "Winnipeg CAN"]
[Date "1997.07.19"]
[Round "9"]
[White "Castaneda, Nelson"]
[Black "Nickoloff, Bryon"]
[Result "1/2-1/2"]
[WhiteElo "2382"]
[BlackElo "2473"]
[PlyCount "121"]
[GameId "2160767911932748"]
[EventDate "1997.07.12"]
[EventType "swiss"]
[EventRounds "10"]
[EventCountry "CAN"]
[SourceTitle "EXP 60"]
[Source "ChessBase"]
[SourceDate "1997.11.24"]
[SourceVersion "1"]
[SourceVersionDate "1997.11.24"]
[SourceQuality "1"]

1. e4 c5 2. Nf3 d6 3. d4 cxd4 4. Nxd4 Nf6 5. Nc3 a6 6. Bg5 e6 7. f4 Qc7 8. Be2 Be7 9. Nf3 Nbd7 10. Qd4 h6 11. Bh4 e5 12. fxe5 dxe5 13. Qc4 Bc5 14. a4 b5 15. Qd3 b4 16. Nd5 Nxd5 17. exd5 O-O 18. O-O-O Bd6 19. Qc4 Nc5 20. Bf2 Bf5 21. g4 Bh7 22. Bxc5 Bxc5 23. Kb1 b3 24. Bd3 bxc2+ 25. Qxc2 Bxd3 26. Rxd3 e4 27. Rc3 exf3 28. Rxc5 Qf4 29. Rc4 Qe5 30. Qf5 Qxf5+ 31. gxf5 Rad8 32. Rf1 Rxd5 33. Rxf3 Re8 34. Rf2 Ree5 35. Rc8+ Kh7 36. f6 Re6 37. fxg7 Kxg7 38. Rc7 Rf6 39. Rxf6 Kxf6 40. Rc6+ Kg5 41. Rxa6 f5 42. h4+ Kxh4 43. Rxh6+ Kg5 44. Rh1 Rd4 45. b3 Rd2 46. Kc1 Rg2 47. Rh8 Ra2 48. Rd8 f4 49. Rd2 Ra1+ 50. Kb2 Re1 51. a5 f3 52. Kc3 Rc1+ 53. Kd4 Rb1 54. Kc4 Rc1+ 55. Kb5 Kf4 56. b4 Ke3 57. Ra2 f2 58. Rxf2 Kxf2 59. a6 Ke3 60. Kb6 Kd4 61. a7 1/2-1/2

[Event "CAN-op"]
[Site "Winnipeg CAN"]
[Date "1997.07.19"]
[Round "9"]
[White "Ditt, Egon"]
[Black "Teodoro, Eduardo"]
[Result "0-1"]
[WhiteElo "2250"]
[BlackElo "2350"]
[PlyCount "150"]
[GameId "2160767911932749"]
[EventDate "1997.07.12"]
[EventType "swiss"]
[EventRounds "10"]
[EventCountry "CAN"]
[SourceTitle "CBM 060 Extra"]
[Source "ChessBase"]
[SourceDate "1997.11.04"]
[SourceVersion "1"]
[SourceVersionDate "1997.11.04"]
[SourceQuality "1"]

1. c4 e5 2. Nc3 Nf6 3. g3 g6 4. Bg2 Bg7 5. Nf3 d6 6. O-O O-O 7. d3 h6 8. Bd2 c6 9. Rb1 Be6 10. b4 Nbd7 11. b5 d5 12. bxc6 bxc6 13. cxd5 cxd5 14. Qc1 d4 15. Nb5 Nd5 16. Bxh6 a6 17. Bxg7 Kxg7 18. Nd6 Nc3 19. Rb2 Nc5 20. Ne4 N5xe4 21. dxe4 Rc8 22. Qa1 f6 23. Re1 Rf7 24. Nd2 Qa5 25. Bf1 Rfc7 26. e3 Na4 27. Nb3 Qc3 28. Rbb1 d3 29. Qxc3 Nxc3 30. Rb2 Rd8 31. Nd2 Nxa2 32. Nb1 Rc2 33. Rb6 Bg8 34. Rd1 d2 35. Be2 Rc1 36. Kg2 Rxb1 37. Rdxb1 Nc3 38. Bd1 Nxb1 39. Rxb1 Bc4 40. Rb2 a5 41. Rc2 Bd3 42. Ra2 Ra8 43. f3 Bc4 44. Ra4 Bb5 45. Ra3 a4 46. h4 Rc8 47. Ra2 a3 48. Rxa3 Rc1 49. Bb3 Kh6 50. Ra2 d1=Q 51. Bxd1 Rxd1 52. g4 Re1 53. Kf2 Rh1 54. Kg3 Bf1 55. Ra1 Rh3+ 56. Kf2 Bc4 57. Rc1 Bb3 58. Rc6 Rxh4 59. Rxf6 Rh2+ 60. Kg3 Re2 61. Kh4 Rxe3 62. g5+ Kg7 63. Kg3 Bd1 64. Kf2 Rd3 65. Kg3 Rd7 66. Rc6 Rf7 67. Rc3 Kf8 68. Rd3 Be2 69. Re3 Ba6 70. Rc3 Be2 71. Kf2 Bd1 72. Kg3 Ke7 73. Rd3 Rxf3+ 74. Rxf3 Bxf3 75. Kxf3 Kd6 0-1

[Event "CAN-op"]
[Site "Winnipeg CAN"]
[Date "1997.07.19"]
[Round "9"]
[White "Eliason, David"]
[Black "Kulczycki, Michael"]
[Result "0-1"]
[WhiteElo "1662"]
[BlackElo "1722"]
[PlyCount "58"]
[GameId "2160767911932750"]
[EventDate "1997.07.12"]
[EventType "swiss"]
[EventRounds "10"]
[EventCountry "CAN"]
[SourceTitle "EXP 60"]
[Source "ChessBase"]
[SourceDate "1997.11.24"]
[SourceVersion "1"]
[SourceVersionDate "1997.11.24"]
[SourceQuality "1"]

1. c4 Nf6 2. Nc3 d5 3. cxd5 Nxd5 4. g3 Nxc3 5. bxc3 g6 6. Bg2 Bg7 7. Nf3 Nd7 8. O-O O-O 9. d4 c5 10. e4 cxd4 11. cxd4 Nf6 12. Re1 b6 13. Bb2 Bb7 14. d5 Rc8 15. Nd4 Qd7 16. Qb3 Rfd8 17. Bf1 Nxe4 18. Nc6 Bxb2 19. Qxb2 Bxc6 20. dxc6 Qxc6 21. Bg2 Qc3 22. Qxc3 Nxc3 23. Rxe7 Rd2 24. Rxa7 Ne2+ 25. Kf1 Rcc2 26. Be4 Rb2 27. Ra3 Nd4 28. Rd3 Rxf2+ 29. Ke1 Rbe2+ 0-1

[Event "CAN-op"]
[Site "Winnipeg CAN"]
[Date "1997.07.19"]
[Round "9"]
[White "Fielding, Gerald"]
[Black "Wong, Ford"]
[Result "1-0"]
[WhiteElo "2213"]
[BlackElo "2007"]
[PlyCount "87"]
[GameId "2160767911932751"]
[EventDate "1997.07.12"]
[EventType "swiss"]
[EventRounds "10"]
[EventCountry "CAN"]
[SourceTitle "EXP 60"]
[Source "ChessBase"]
[SourceDate "1997.11.24"]
[SourceVersion "1"]
[SourceVersionDate "1997.11.24"]
[SourceQuality "1"]

1. d4 Nf6 2. c4 g6 3. g3 Bg7 4. Bg2 c6 5. Nc3 O-O 6. Nf3 d5 7. b3 Qa5 8. Bd2 dxc4 9. bxc4 Qh5 10. h3 Qa5 11. O-O Qd8 12. Qb3 Nbd7 13. Rad1 Qb6 14. Qa3 Qd8 15. e4 h5 16. Rfe1 Nb6 17. Qb3 Kh8 18. Bf4 Nh7 19. d5 Nd7 20. e5 Qa5 21. Ne4 Nc5 22. Nxc5 Qxc5 23. Be3 Qa5 24. Bd2 Qb6 25. Qa3 cxd5 26. cxd5 Re8 27. Ba5 Qa6 28. Bf1 b5 29. Qb4 Rb8 30. a4 Bd7 31. Nd4 Ng5 32. h4 Nh3+ 33. Kg2 Qb7 34. Nb3 Bf5 35. Nc5 Qa8 36. axb5 Bf8 37. f3 g5 38. hxg5 Nxg5 39. Qh4 Bh3+ 40. Kf2 Bxf1 41. Qxh5+ Nh7 42. Rxf1 Rxb5 43. Rh1 Rb2+ 44. Kg1 1-0

[Event "CAN-op"]
[Site "Winnipeg CAN"]
[Date "1997.07.19"]
[Round "9"]
[White "Gibbons, Michael"]
[Black "Kuczaj, Chris"]
[Result "1/2-1/2"]
[WhiteElo "2016"]
[BlackElo "2102"]
[PlyCount "24"]
[GameId "2160767911932752"]
[EventDate "1997.07.12"]
[EventType "swiss"]
[EventRounds "10"]
[EventCountry "CAN"]
[SourceTitle "EXP 60"]
[Source "ChessBase"]
[SourceDate "1997.11.24"]
[SourceVersion "1"]
[SourceVersionDate "1997.11.24"]
[SourceQuality "1"]

1. d4 Nf6 2. Nf3 e6 3. g3 b6 4. Bg2 Bb7 5. O-O Be7 6. c4 O-O 7. Nc3 Ne4 8. Qc2 f5 9. Nd2 Nxc3 10. Qxc3 Bxg2 11. Kxg2 Nc6 12. e3 Bf6 1/2-1/2

[Event "CAN-op"]
[Site "Winnipeg CAN"]
[Date "1997.07.19"]
[Round "9"]
[White "Gould, Charles"]
[Black "Gorelik, Lev"]
[Result "1-0"]
[WhiteElo "2033"]
[BlackElo "2248"]
[PlyCount "65"]
[GameId "2160767911932753"]
[EventDate "1997.07.12"]
[EventType "swiss"]
[EventRounds "10"]
[EventCountry "CAN"]
[SourceTitle "EXP 60"]
[Source "ChessBase"]
[SourceDate "1997.11.24"]
[SourceVersion "1"]
[SourceVersionDate "1997.11.24"]
[SourceQuality "1"]

1. e4 c5 2. Nc3 Nc6 3. f4 d6 4. Nf3 g6 5. g3 Bg7 6. Bg2 Bg4 7. O-O Qd7 8. d3 h5 9. h4 Nd4 10. Ne2 Nh6 11. c3 Nxf3+ 12. Bxf3 Bxf3 13. Rxf3 O-O-O 14. Be3 Qh3 15. Qf1 Qxf1+ 16. Rfxf1 Ng4 17. Bf2 f5 18. exf5 gxf5 19. d4 b6 20. Rad1 Nf6 21. Kg2 Ne4 22. d5 Bf6 23. Ng1 Rhg8 24. Nf3 Rg4 25. Ng5 Bxg5 26. fxg5 f4 27. Rd3 Rf8 28. Be1 Kd7 29. Rdf3 Ke8 30. Rxf4 Rgxf4 31. Rxf4 Rxf4 32. gxf4 c4 33. Bf2 1-0

[Event "CAN-op"]
[Site "Winnipeg CAN"]
[Date "1997.07.19"]
[Round "9"]
[White "Haessel, Dale"]
[Black "Gofshtein, Leonid"]
[Result "0-1"]
[WhiteElo "2250"]
[BlackElo "2545"]
[PlyCount "80"]
[GameId "2160767911932754"]
[EventDate "1997.07.12"]
[EventType "swiss"]
[EventRounds "10"]
[EventCountry "CAN"]
[SourceTitle "CBM 060 Extra"]
[Source "ChessBase"]
[SourceDate "1997.11.04"]
[SourceVersion "1"]
[SourceVersionDate "1997.11.04"]
[SourceQuality "1"]

1. e4 c5 2. Nc3 e6 3. g3 a6 4. Bg2 b5 5. f4 Bb7 6. d3 d5 7. e5 Ne7 8. Nf3 Nf5 9. O-O h5 10. a4 b4 11. Ne2 Nd7 12. h3 Qc7 13. Qe1 Be7 14. Bd2 a5 15. Rf2 Nb6 16. Bh1 Bc6 17. b3 d4 18. Rh2 Nd5 19. Kf2 O-O-O 20. Qg1 f6 21. Ke1 Nfe3 22. Bxe3 Nxe3 23. Kd2 Rhg8 24. Re1 Qd7 25. Rf2 Rdf8 26. Qh2 Bd8 27. exf6 gxf6 28. Nh4 Bxa4 29. bxa4 Qxa4 30. Rc1 Bb6 31. Ng2 c4 32. Nxd4 Nd5 33. Ne3 Nxe3 34. Kxe3 Qd7 35. Kd2 Qxd4 36. Re2 Bc7 37. Rxe6 Rxg3 38. Re4 Bxf4+ 39. Ke2 Re3+ 40. Kf1 Qxe4 0-1

[Event "CAN-op"]
[Site "Winnipeg CAN"]
[Date "1997.07.19"]
[Round "9"]
[White "Henson, Joshua"]
[Black "Gardner, Robert"]
[Result "0-1"]
[WhiteElo "1969"]
[BlackElo "2305"]
[PlyCount "91"]
[GameId "2160767911932755"]
[EventDate "1997.07.12"]
[EventType "swiss"]
[EventRounds "10"]
[EventCountry "CAN"]
[SourceTitle "EXP 60"]
[Source "ChessBase"]
[SourceDate "1997.11.24"]
[SourceVersion "1"]
[SourceVersionDate "1997.11.24"]
[SourceQuality "1"]

1. e4 c5 2. Nf3 d6 3. d4 cxd4 4. Qxd4 Nc6 5. Bb5 Bd7 6. Bxc6 bxc6 7. Nc3 Qb6 8. Qxb6 axb6 9. O-O g6 10. Be3 b5 11. Bd4 e5 12. Be3 f5 13. exf5 gxf5 14. Rfe1 Nf6 15. a3 Kf7 16. Rad1 Re8 17. Bg5 Be6 18. Bh4 h6 19. Bxf6 Kxf6 20. Rd2 Bf7 21. Rde2 Bh5 22. Re3 Bxf3 23. Rxf3 d5 24. Rd3 Rd8 25. b4 Bg7 26. Ne2 Ra8 27. Rb3 Ra6 28. Ra1 Ke6 29. Ra2 Rha8 30. Nc1 d4 31. Nd3 Bf8 32. c3 Rd8 33. cxd4 Rxd4 34. Kf1 Bd6 35. Ne1 Rxb4 36. Rh3 Bf8 37. Rc2 Rba4 38. Rhc3 c5 39. Rb3 R6a5 40. Rcb2 Rxa3 41. Rxb5 Rxb5 42. Rxb5 Ra6 43. Ke2 Ra2+ 44. Ke3 Kd5 45. Rb8 Bd6 46. g3 0-1

[Event "CAN-op"]
[Site "Winnipeg CAN"]
[Date "1997.07.19"]
[Round "9"]
[White "Kurlyandchik, Evgeni"]
[Black "Sasikiran, Krishnan"]
[Result "0-1"]
[WhiteElo "2100"]
[BlackElo "2430"]
[PlyCount "80"]
[GameId "2160767911932758"]
[EventDate "1997.07.12"]
[EventType "swiss"]
[EventRounds "10"]
[EventCountry "CAN"]
[SourceTitle "EXP 60"]
[Source "ChessBase"]
[SourceDate "1997.11.24"]
[SourceVersion "1"]
[SourceVersionDate "1997.11.24"]
[SourceQuality "1"]

1. e4 c6 2. Nc3 d5 3. Nf3 Bg4 4. h3 Bh5 5. exd5 cxd5 6. Bb5+ Nc6 7. g4 Bg6 8. Ne5 Rc8 9. d4 e6 10. h4 f6 11. Nxg6 hxg6 12. Qd3 Kf7 13. Bxc6 Rxc6 14. Ne2 Bd6 15. c3 Ne7 16. f4 Qb8 17. Kf2 b5 18. a3 f5 19. g5 Bc7 20. Be3 Nc8 21. Rh3 Nd6 22. Rah1 Ne4+ 23. Kg2 Rh5 24. Ng3 Nxg3 25. Kxg3 a5 26. Bd2 Bd6 27. R3h2 Rb6 28. Re1 Qc8 29. Rhe2 Bb8 30. Rc1 Qh8 31. Rh1 Rxg5+ 32. hxg5 Qxh1 33. Rh2 Qg1+ 34. Rg2 Qd1 35. Qe2 Qb1 36. Be3 Bd6 37. Qc2 Qf1 38. Qe2 Qh1 39. Bg1 Rb8 40. Rh2 Qxg1+ 0-1

[Event "CAN-op"]
[Site "Winnipeg CAN"]
[Date "1997.07.19"]
[Round "9"]
[White "Nogueiras, Jesus"]
[Black "Kirton, Dale"]
[Result "1/2-1/2"]
[WhiteElo "2535"]
[BlackElo "2240"]
[PlyCount "140"]
[GameId "2160767911932760"]
[EventDate "1997.07.12"]
[EventType "swiss"]
[EventRounds "10"]
[EventCountry "CAN"]
[SourceTitle "EXP 60"]
[Source "ChessBase"]
[SourceDate "1997.11.24"]
[SourceVersion "1"]
[SourceVersionDate "1997.11.24"]
[SourceQuality "1"]

1. Nf3 Nf6 2. c4 e6 3. g3 d5 4. Bg2 Be7 5. O-O O-O 6. b3 c5 7. e3 Nc6 8. Bb2 b6 9. Nc3 Bb7 10. cxd5 Nxd5 11. Nxd5 Qxd5 12. d4 Qd8 13. dxc5 Bxc5 14. Ne5 Nxe5 15. Bxb7 Rb8 16. Ba6 Nd7 17. Qe2 Qe7 18. a3 Bd6 19. b4 Be5 20. Rac1 Rfd8 21. Bxe5 Nxe5 22. f4 Ng6 23. Rc2 Qd6 24. Rcc1 Qe7 25. Rc3 Qd6 26. Rfc1 h6 27. Rc6 Qe7 28. Qc2 Rd7 29. Bc8 Rd8 30. Ba6 Rd7 31. Bc8 Rd8 32. Rc7 Qd6 33. Ba6 Rd7 34. Rxd7 Qxd7 35. Bc8 Qe7 36. Qc7 Ra8 37. h4 h5 38. Qc2 a5 39. Qc6 Rb8 40. Qc7 Qxc7 41. Rxc7 axb4 42. axb4 Kf8 43. Bb7 Ne7 44. Kf2 g6 45. e4 Rd8 46. Ke3 Rd1 47. Rc4 Rb1 48. Ba6 f5 49. b5 Re1+ 50. Kf3 Rxe4 51. Rxe4 fxe4+ 52. Kxe4 Nf5 53. Ke5 Ke7 54. Bc8 Nd6 55. Bxe6 Nxb5 56. f5 gxf5 57. Bxf5 Kf7 58. Bd3 Nc3 59. Kf5 b5 60. Kg5 b4 61. Kxh5 Kg7 62. Kg5 b3 63. h5 b2 64. h6+ Kh8 65. g4 b1=Q 66. Bxb1 Nxb1 67. Kf5 Nc3 68. g5 Nd5 69. g6 Ne7+ 70. Kf6 Nxg6 1/2-1/2

[Event "CAN-op"]
[Site "Winnipeg CAN"]
[Date "1997.07.19"]
[Round "9"]
[White "Penner, Wesley"]
[Black "Gannon, Keith"]
[Result "1/2-1/2"]
[WhiteElo "1838"]
[BlackElo "1667"]
[PlyCount "114"]
[GameId "2160767911932761"]
[EventDate "1997.07.12"]
[EventType "swiss"]
[EventRounds "10"]
[EventCountry "CAN"]
[SourceTitle "EXP 60"]
[Source "ChessBase"]
[SourceDate "1997.11.24"]
[SourceVersion "1"]
[SourceVersionDate "1997.11.24"]
[SourceQuality "1"]

1. e4 c5 2. Nf3 d6 3. Bc4 e6 4. O-O Nc6 5. d4 cxd4 6. Nxd4 Nf6 7. Re1 Be7 8. Nxc6 bxc6 9. e5 dxe5 10. Qxd8+ Bxd8 11. Rxe5 O-O 12. Nc3 Nd5 13. Nd1 Bf6 14. Re2 Rd8 15. Bd2 Bb7 16. Bb3 Ba6 17. c4 Nb6 18. Ba5 Rd7 19. Rc2 Rad8 20. Ne3 c5 21. Kf1 Bg5 22. Ke2 Bxe3 23. Kxe3 Rd3+ 24. Ke2 R3d4 25. Rac1 Re4+ 26. Kf1 Red4 27. f3 Rd1+ 28. Rxd1 Rxd1+ 29. Ke2 Rd4 30. Bxb6 axb6 31. a3 e5 32. Ba2 e4 33. fxe4 Rxe4+ 34. Kd2 Rh4 35. h3 Bb7 36. Kc3 Bc6 37. b4 cxb4+ 38. axb4 Kf8 39. c5 bxc5 40. bxc5 Rh5 41. Kb4 Rg5 42. g4 h5 43. Rc4 hxg4 44. Rxg4 Rxg4+ 45. hxg4 f6 46. Be6 Ke7 47. Bf5 Kd8 48. Kc4 Kc7 49. Kd4 Be8 50. Be4 Bf7 51. Ke3 g6 52. Kd4 Be6 53. Bf3 Bf7 54. Bd5 Be8 55. Be6 Ba4 56. Kc4 Bd1 57. Kd4 Bc2 1/2-1/2

[Event "CAN-op"]
[Site "Winnipeg CAN"]
[Date "1997.07.19"]
[Round "9"]
[White "Psakhis, Lev"]
[Black "Stefansson, Hannes"]
[Result "1/2-1/2"]
[WhiteElo "2611"]
[BlackElo "2545"]
[PlyCount "53"]
[GameId "2160767911932762"]
[EventDate "1997.07.12"]
[EventType "swiss"]
[EventRounds "10"]
[EventCountry "CAN"]
[SourceTitle "EXP 60"]
[Source "ChessBase"]
[SourceDate "1997.11.24"]
[SourceVersion "1"]
[SourceVersionDate "1997.11.24"]
[SourceQuality "1"]

1. d4 Nf6 2. c4 e6 3. g3 d5 4. Bg2 Be7 5. Nf3 O-O 6. Nc3 dxc4 7. Ne5 c5 8. dxc5 Qc7 9. Nxc4 Bxc5 10. O-O Bxf2+ 11. Rxf2 Qxc4 12. Rxf6 gxf6 13. Bh6 Nd7 14. Ne4 Qb4 15. Rc1 f5 16. Nd6 Ne5 17. Bxf8 Qb6+ 18. e3 Qxe3+ 19. Kh1 Ng4 20. Rc2 Kxf8 21. Nxc8 Nf2+ 22. Rxf2 Qxf2 23. Bxb7 Rb8 24. Qd8+ Kg7 25. Qg5+ Kh8 26. Qd8+ Kg7 27. Qg5+ 1/2-1/2

[Event "CAN-op"]
[Site "Winnipeg CAN"]
[Date "1997.07.19"]
[Round "9"]
[White "Quiring, John"]
[Black "Gentes, Kevin"]
[Result "0-1"]
[WhiteElo "1959"]
[BlackElo "2385"]
[PlyCount "68"]
[GameId "2160767911932763"]
[EventDate "1997.07.12"]
[EventType "swiss"]
[EventRounds "10"]
[EventCountry "CAN"]
[SourceTitle "EXP 60"]
[Source "ChessBase"]
[SourceDate "1997.11.24"]
[SourceVersion "1"]
[SourceVersionDate "1997.11.24"]
[SourceQuality "1"]

1. e4 c5 2. Nc3 Nc6 3. f4 e6 4. Nf3 a6 5. d3 d5 6. Qe2 Nd4 7. Qf2 dxe4 8. Nxd4 cxd4 9. Nxe4 Nf6 10. Be2 Nxe4 11. dxe4 Bb4+ 12. Kf1 O-O 13. Bd3 f5 14. e5 b5 15. Bd2 Qa5 16. Bxb4 Qxb4 17. b3 Bb7 18. Qe2 Qc3 19. Kf2 Qc6 20. Rhg1 Rf7 21. a4 b4 22. Raf1 Qb6 23. Ke1 Rc8 24. g4 g6 25. gxf5 Rxf5 26. Bxf5 exf5 27. Rf2 Be4 28. Qd1 d3 29. Rg3 dxc2 30. Qc1 Rc3 31. Rfg2 Bxg2 32. Rxg2 Qc6 33. Re2 Qh1+ 34. Kd2 Rd3+ 0-1

[Event "CAN-op"]
[Site "Winnipeg CAN"]
[Date "1997.07.19"]
[Round "9"]
[White "Rasmussen, Barry"]
[Black "Nikouline, Alexandre"]
[Result "0-1"]
[WhiteElo "2240"]
[BlackElo "2028"]
[PlyCount "90"]
[GameId "2160767911932764"]
[EventDate "1997.07.12"]
[EventType "swiss"]
[EventRounds "10"]
[EventCountry "CAN"]
[SourceTitle "EXP 60"]
[Source "ChessBase"]
[SourceDate "1997.11.24"]
[SourceVersion "1"]
[SourceVersionDate "1997.11.24"]
[SourceQuality "1"]

1. e4 e6 2. c4 c5 3. Nf3 Nc6 4. d4 cxd4 5. Nxd4 Qb6 6. Nb3 Nf6 7. Nc3 Bb4 8. Be3 Qc7 9. f3 Bxc3+ 10. bxc3 b6 11. c5 O-O 12. Qd6 Qxd6 13. cxd6 Ne8 14. O-O-O f5 15. Bb5 Bb7 16. Bxc6 Bxc6 17. e5 f4 18. Bf2 g5 19. Nd4 Bd5 20. Kb2 Ng7 21. Nb5 Rac8 22. Nxa7 Ra8 23. c4 Bxc4 24. Rc1 Rxa7 25. Rxc4 Rfa8 26. Ra1 Ra5 27. Bd4 Nf5 28. Bc3 Ne3 29. Rc7 Rb5+ 30. Kc1 Nd5 31. a4 Nxc7 32. axb5 Rxa1+ 33. Bxa1 Nxb5 34. Kc2 Kf7 35. Kd3 Kg6 36. Ke4 Na3 37. Bb2 Nc2 38. Bc1 b5 39. g3 fxg3 40. hxg3 b4 41. f4 g4 42. Kd3 b3 43. Kc4 h5 44. Kxb3 Nd4+ 45. Kc4 Ne2 0-1

[Event "CAN-op"]
[Site "Winnipeg CAN"]
[Date "1997.07.19"]
[Round "9"]
[White "Roque, Rodolfo"]
[Black "Brodie, Hugh"]
[Result "1/2-1/2"]
[WhiteElo "1920"]
[BlackElo "2080"]
[PlyCount "57"]
[GameId "2160767911932766"]
[EventDate "1997.07.12"]
[EventType "swiss"]
[EventRounds "10"]
[EventCountry "CAN"]
[SourceTitle "EXP 60"]
[Source "ChessBase"]
[SourceDate "1997.11.24"]
[SourceVersion "1"]
[SourceVersionDate "1997.11.24"]
[SourceQuality "1"]

1. e4 c5 2. Bc4 e6 3. Nc3 a6 4. a4 Qc7 5. d3 Nc6 6. Nf3 Nf6 7. O-O Be7 8. Re1 d6 9. d4 cxd4 10. Nxd4 O-O 11. Ba2 Nb4 12. Bb3 Bd7 13. Be3 Rfe8 14. f3 d5 15. Qd2 dxe4 16. Nxe4 Nbd5 17. c3 Nxe3 18. Nxf6+ Bxf6 19. Qxe3 Rad8 20. Ne2 Bh4 21. g3 Be7 22. Kg2 Bc6 23. Rad1 Bc5 24. Qc1 Rxd1 25. Bxd1 Qe5 26. Qf4 Qe3 27. Qxe3 Bxe3 28. Bc2 Rd8 29. Rd1 1/2-1/2

[Event "CAN-op"]
[Site "Winnipeg CAN"]
[Date "1997.07.19"]
[Round "9"]
[White "Sasata, Robert"]
[Black "Fairbairn, Stephen"]
[Result "1-0"]
[WhiteElo "2317"]
[BlackElo "2038"]
[PlyCount "123"]
[GameId "2160767911932767"]
[EventDate "1997.07.12"]
[EventType "swiss"]
[EventRounds "10"]
[EventCountry "CAN"]
[SourceTitle "EXP 60"]
[Source "ChessBase"]
[SourceDate "1997.11.24"]
[SourceVersion "1"]
[SourceVersionDate "1997.11.24"]
[SourceQuality "1"]

1. d4 Nf6 2. Nc3 g6 3. e4 d6 4. Bc4 Bg7 5. Qe2 e5 6. dxe5 dxe5 7. Nf3 Qe7 8. Bg5 c6 9. O-O-O O-O 10. Rd2 b5 11. Bb3 a5 12. a4 b4 13. Nd1 Na6 14. Bc4 Nc5 15. b3 Qc7 16. Bxf6 Bxf6 17. Kb1 Bg7 18. Qe3 Ne6 19. Nb2 Nd4 20. h3 Kh8 21. h4 h5 22. Nd3 c5 23. Nxd4 cxd4 24. Qe2 Bd7 25. Nb2 Rae8 26. Bb5 Bxb5 27. Qxb5 Rb8 28. Qa6 Ra8 29. Qb5 Rfb8 30. Qd5 Rd8 31. Qb5 Rdb8 32. Qc4 Qb7 33. Qe2 Qd7 34. Nc4 Qe6 35. Rdd1 Rf8 36. Rde1 f5 37. exf5 Qxf5 38. f3 Rad8 39. Qd3 Qxd3 40. cxd3 Rd5 41. Re2 Rf4 42. Re4 Kg8 43. Rhe1 Rf5 44. Kc2 g5 45. hxg5 Rxg5 46. g4 hxg4 47. Rxg4 Rxg4 48. fxg4 Kf7 49. Rf1+ Ke6 50. Rf5 Bh6 51. Kd1 Be3 52. Ke2 Bf4 53. Kf3 Rc5 54. Ke4 Rd5 55. Rh5 Rc5 56. Rh8 Rc7 57. Re8+ Kf6 58. Ra8 Rh7 59. Ra6+ Kg5 60. Rxa5 Rh1 61. Nxe5 Re1+ 62. Kxd4 1-0

[Event "CAN-op"]
[Site "Winnipeg CAN"]
[Date "1997.07.19"]
[Round "9"]
[White "Schulz, Waldemar"]
[Black "Kollar, Frank"]
[Result "0-1"]
[WhiteElo "2022"]
[BlackElo "2157"]
[PlyCount "50"]
[GameId "2160767911932768"]
[EventDate "1997.07.12"]
[EventType "swiss"]
[EventRounds "10"]
[EventCountry "CAN"]
[SourceTitle "EXP 60"]
[Source "ChessBase"]
[SourceDate "1997.11.24"]
[SourceVersion "1"]
[SourceVersionDate "1997.11.24"]
[SourceQuality "1"]

1. Nf3 d5 2. d4 Nf6 3. c4 c6 4. Nc3 e6 5. Bg5 Be7 6. e3 Nbd7 7. Rc1 O-O 8. Qc2 Re8 9. Bd3 h6 10. Bh4 dxc4 11. Bxc4 a6 12. O-O b5 13. Bd3 c5 14. dxc5 Nxc5 15. Be2 Bb7 16. Rfd1 Qa5 17. Rd4 b4 18. Nb1 Rac8 19. Qd1 Na4 20. Rxc8 Rxc8 21. Rd2 g5 22. Bg3 Bd5 23. a3 b3 24. Nd4 Ne4 25. Rd3 Nxb2 0-1

[Event "CAN-op"]
[Site "Winnipeg CAN"]
[Date "1997.07.19"]
[Round "9"]
[White "Spraggett, Kevin"]
[Black "Hjartarson, Johann"]
[Result "1-0"]
[WhiteElo "2617"]
[BlackElo "2585"]
[PlyCount "73"]
[GameId "2160767911932769"]
[EventDate "1997.07.12"]
[EventType "swiss"]
[EventRounds "10"]
[EventCountry "CAN"]
[SourceTitle "EXP 60"]
[Source "ChessBase"]
[SourceDate "1997.11.24"]
[SourceVersion "1"]
[SourceVersionDate "1997.11.24"]
[SourceQuality "1"]

1. c4 e5 2. g3 Nc6 3. Bg2 g6 4. Nc3 Bg7 5. e4 d6 6. Nge2 Nge7 7. d3 O-O 8. O-O f5 9. Nd5 Nxd5 10. cxd5 Ne7 11. Be3 Kh8 12. Qd2 b6 13. a4 Bb7 14. a5 Rb8 15. Rfc1 Qd7 16. axb6 axb6 17. Ra3 Rfc8 18. Rb3 Ng8 19. Bh3 Nf6 20. f3 Rf8 21. d4 Qf7 22. dxe5 dxe5 23. Rbc3 Ne8 24. Bg2 Ra8 25. Kh1 Qd7 26. Ng1 Ra2 27. R3c2 Qb5 28. Nh3 fxe4 29. fxe4 Bc8 30. Nf2 Bd7 31. Kg1 Qa6 32. Bh6 Ba4 33. Bxg7+ Kxg7 34. Rc3 Qb5 35. Nd3 Kg8 36. Bh3 Nd6 37. Rxc7 1-0

[Event "CAN-op"]
[Site "Winnipeg CAN"]
[Date "1997.07.19"]
[Round "9"]
[White "Strojevs, Alexander"]
[Black "Gajardo, Alex"]
[Result "1-0"]
[WhiteElo "1792"]
[BlackElo "1454"]
[PlyCount "123"]
[GameId "2160767911932770"]
[EventDate "1997.07.12"]
[EventType "swiss"]
[EventRounds "10"]
[EventCountry "CAN"]
[SourceTitle "EXT 2022"]
[Source "ChessBase"]
[SourceDate "2021.10.06"]
[SourceVersion "1"]
[SourceVersionDate "2021.10.06"]
[SourceQuality "1"]

1. d4 Nf6 2. c4 e5 3. dxe5 Ng4 4. Nf3 Bc5 5. e3 Nc6 6. Be2 Ngxe5 7. Nxe5 Nxe5 8. O-O O-O 9. Nc3 d6 10. Nd5 Be6 11. b3 Bxd5 12. cxd5 Re8 13. Bb2 c6 14. Rc1 Qb6 15. Kh1 Rad8 16. Qd2 f6 17. Bc3 Qc7 18. b4 Bb6 19. a4 a6 20. a5 Ba7 21. Bd4 c5 22. Rc2 b5 23. axb6 Qxb6 24. bxc5 dxc5 25. Bxc5 Qb7 26. e4 Rc8 27. Bxa7 Rxc2 28. Qxc2 Qxa7 29. f3 a5 30. Bb5 Rb8 31. Ba4 Rb4 32. h3 Rc4 33. Qa2 Qd4 34. Bb3 Rb4 35. d6+ Kf8 36. Rd1 Qc3 37. Qxa5 Qxb3 38. Qd8+ Kf7 39. Qe7+ Kg6 40. Qe8+ Qf7 41. d7 Nxd7 42. Qxd7 Qxd7 43. Rxd7 Rb8 44. Kh2 Rf8 45. Kg3 Rf7 46. Rd5 h6 47. h4 h5 48. Kf4 Kh6 49. Rd6 g6 50. Ke3 Kg7 51. f4 Re7 52. Kd4 Kf7 53. Kd5 Ra7 54. Rc6 Rd7+ 55. Rd6 Ke7 56. Rxd7+ Kxd7 57. e5 fxe5 58. fxe5 Ke7 59. e6 Ke8 60. Kd6 Kd8 61. e7+ Ke8 62. g3 1-0